000 00321nam a22001337a 4500
008 171025b xxu||||| |||| 00| 0 eng d
020 _a0120444907
041 _aeng
080 _a311
100 _a55
101 _aSTA
245 _aSTATISTICAL ANALYSIS A COMPUTER ORIENTED APPROACH
_cAFIFI.A.A
942 _2udc
_cBK
999 _c35915
_d35915